Guidance and counselling: (Record no. 5834)

MARC details
000 -LEADER
fixed length control field 01036nam a2200169 4500
020 ## - INTERNATIONAL STANDARD BOOK NUMBER
ISBN 9788121927475
050 ## - CALL NUMBER
Classification number LB1027
Item number .5
100 ## - AUTHOR
Personal name Sister Mary Vishala
245 ## - TITLE
Title Guidance and counselling:
Remainder of title (For Teachers, Parents and Students)
Statement of responsibility, etc Sister Mary Vishala
260 ## - PUBLICATION INFORMATION
Place of publication New Delhi
Name of publisher S. Chand & Company Ltd.
Year of publication 2006
300 ## - DESCRIPTION
Number of Pages xviii, 220 pgs
Other physical details ill;
Dimensions 24 cm
500 ## - NOTES
General note Includes bibliography
505 ## - FORMATTED CONTENTS NOTE
Table of Content Chapter 1. Guidance and counselling 3-25<br/>Chapter 2. Prenatal period 27-38<br/>Chapter 3. Infancy 39-48<br/>Chapter 4. Habit formation in children 49-54<br/>Chapter 5. Early childhood 55-80<br/>Chapter 6. Later childhood 81-106<br/>Chapter 7. Mental hygiene in children 107-114<br/>Chapter 8. Why does one forget? 115-119<br/>Chapter 9. Training in memory 120-126<br/>Chapter 10. Exceptional children 128-159<br/>Chapter 11. Character formation in children 161-166<br/>Chapter 12. Adolescents 167-217<br/>Bibliography 219
650 ## - SUBJECTS
Topical Term Guidance and counselling
700 ## - OTHER AUTHORS
Personal name Sister Mary Vishala
942 ## - ADDED ENTRY ELEMENTS (KOHA)
Koha item type Books
Holdings
Withdrawn status Lost status Collection code Home library Current library Shelving location Date acquired Full call number Accession Number Koha item type
    Reference Methodist University Library Main Methodist University Library Main General Stacks 26/11/2009 LB1027 .5 22879 Books
      Methodist University Library Main Methodist University Library Main General Stacks 26/11/2009 LB1027 .5 22881 Books
Copyright © 2026  MUG Library